000 00342nam a22001577a 4500
003 SGT
020 _a978-93-7473-496-4
082 _a301, S12J
100 _aJAIN, ROSHNI
245 _aSOCIOLOGY : AN INTRODUCTION SOCIOLOGY
250 _a1ST
260 _aDELHI
_bAUTBS
_c2012
300 _a830
650 _aSOCIOLOGY
942 _2ddc
_cBK
_01
999 _c9084
_d9084